|
|
|
|
| LEADER |
01150naa a2200253 i 4500 |
| 001 |
acta85901 |
| 005 |
20241210090542.0 |
| 008 |
241210s2024 hu o 100 hun d |
| 040 |
|
|
|a SZTE Egyetemi Kiadványok Repozitórium
|b hun
|
| 041 |
|
|
|a hun
|
| 100 |
1 |
|
|a Nagy Anett
|
| 245 |
1 |
0 |
|a Illóolaj-kombinációk vizsgálata nozokomiális fertőzéseket okozó baktériumokkal szemben
|h [elektronikus dokumentum] :
|b [absztrakt] /
|c Nagy Anett
|
| 260 |
|
|
|a Szegedi Tudományegyetem Móra Ferenc Szakkollégium
|b Szeged
|c 2024
|
| 300 |
|
|
|a 122-123
|
| 490 |
0 |
|
|a Móra Kárpát-medencei Interdiszciplináris Szakkollégiumi Konferencia
|v 8
|
| 650 |
|
4 |
|a Természettudományok
|
| 650 |
|
4 |
|a Biológiai tudományok
|
| 695 |
|
|
|a Illóolaj - kémia - előadáskivonat, Mikrobiológia - előadáskivonat
|
| 700 |
0 |
1 |
|a Ormai Edit
|e aut
|
| 700 |
0 |
1 |
|a Horváth Györgyi
|e aut
|
| 700 |
0 |
1 |
|a Kocsis Béla
|e aut
|
| 700 |
0 |
1 |
|a Balázs Viktória Lilla
|e aut
|
| 711 |
|
|
|a VIII. Móra Kárpát-medencei Interdiszciplináris Szakkollégiumi Konferencia
|c Szeged
|d 2024. november 22-24.
|
| 856 |
4 |
0 |
|u http://acta.bibl.u-szeged.hu/85901/1/morakonf_2024_122-123.pdf
|z Dokumentum-elérés
|